000 00479pab a2200169 454500
008 180718b1998 xxu||||| |||| 00| 0 eng d
100 _aBrunetti, Aymo
245 _aCredibility of rules and economic growth: evidence from a worldwide survey of the private sector
260 _c1998
300 _ap.353-84
362 _aSep
650 _aEconomic growth
700 _aWeder, Beatrice
700 _aKisunko, Gregory
773 _aWorld Bank Economic Review
909 _a39936
999 _c39936
_d39936